Alle FNAF 1 Kamera Namen - Statistiken

Allgemein
  • Dieses Quiz wurde 52 mal gespielt
  • Das Durchschnittsergebnis liegt bei 5 aus 11
Antwortstatistiken
Hint Antwort % Korrekt
CAM 6 Kitchen
93%
CAM 1A Show Stage
84%
CAM 4A East Hall
65%
CAM 2A West Hall
65%
CAM 1C Pirate Cove
53%
CAM 5 Backstage
28%
CAM 7 Restrooms
19%
CAM 2B West Hall Corner
19%
CAM 4B East Hall Corner
16%
CAM 3 Supply Closet
16%
CAM 1B Dining Area
14%
Keine übereinstimmenden Quizze gefunden
Verteilung der Resultate
Anzahl Personen mit jedem Resultat
Perzentil nach korrekt beantworteten Fragen
Ihre Resultats-Entwicklung
Sie haben dieses Quiz noch nicht gespielt